[Event "GER-ch Youth U14 2020"]
[Site "Willingen"]
[Date "2020.10.22"]
[Round "4.22"]
[White "Wiedersich, Hendryk"]
[Black "Bock, Marlon"]
[Result "1/2-1/2"]
[WhiteElo "1570"]
[BlackElo "1776"]
[Annotator "NA RC"]
[PlyCount "48"]
[EventDate "2020.10.20"]
[EventType "swiss"]
[EventRounds "7"]
[EventCountry "GER"]
[SourceTitle "playchess.com"]
[Source "ChessBase"]
[SourceQuality "1"]
[TimeControl "40/5400+30:1800+30"]

1. e4 {[%emt 0:00:00]} e5 {[%emt 0:00:00]} 2. Nf3 {[%emt 0:00:00]} Nc6 {[%emt 0:00:00]} 3. Nc3 {[%emt 0:00:00]} Nf6 {[%emt 0:00:03]} 4. d4 {[%emt 0:00:11]} exd4 {[%emt 0:04:01]} 5. Nxd4 {[%emt 0:00:24]} Bc5 {[%emt 0:00:57]} 6. Be3 {[%emt 0:00:25]} Bb6 {[%emt 0:01:18]} 7. f3 {[%emt 0:08:10]} d6 {[%emt 0:05:57]} 8. Bb5 {[%emt 0:05:45]} Bd7 {[%emt 0:04:25]} 9. Qd2 {[%emt 0:04:49]} Qe7 {[%emt 0:03:21]} 10. O-O-O {[%emt 0:05:33]} O-O-O {[%emt 0:03:57]} 11. g4 {[%emt 0:07:08]} Ne5 {[%emt 0:14:39]} 12. Bxd7+ {[%emt 0:05:03]} Qxd7 {[%emt 0:04:35]} 13. g5 {[%emt 0:08:16]} Nc4 {[%emt 0:05:59]} 14. Qe2 {[%emt 0:03:08]} Nxe3 {[%emt 0:00:18]} 15. Qxe3 {[%emt 0:00:08]} Ng8 {[%emt 0:01:18]} 16. Nd5 {[%emt 0:02:19]} Ne7 {[%emt 0:05:11]} 17. Nxb6+ {[%emt 0:06:30]} axb6 {[%emt 0:00:12]} 18. Qf4 {[%emt 0:04:19]} Nc6 {[%emt 0:11:09]} 19. Qf5 {[%emt 0:03:41]} Nxd4 {[%emt 0:05:41]} 20. Rxd4 {[%emt 0:01:19]} Qxf5 {[%emt 0:04:56]} 21. exf5 {[%emt 0:00:21]} Rde8 {[%emt 0:01:44]} 22. Re4 {[%emt 0:00:42]} Rxe4 {[%emt 0:03:28]} 23. fxe4 {[%emt 0:00:11]} Re8 {[%emt 0:00:23]} 24. Re1 {[%emt 0:00:07]} Re5 {[%emt 0:03:36]} 1/2-1/2

[Event "GER-ch Youth U14 2020"]
[Site "Willingen"]
[Date "2020.10.23"]
[Round "5.1"]
[White "Bakiev, Diyor"]
[Black "Albert, Markus"]
[Result "1-0"]
[WhiteElo "2070"]
[BlackElo "1727"]
[Annotator "TA"]
[PlyCount "79"]
[EventDate "2020.10.20"]
[EventType "swiss"]
[EventRounds "7"]
[EventCountry "GER"]
[SourceTitle "playchess.com"]
[Source "ChessBase"]
[SourceQuality "1"]

{[%evp 9,79,20,29,9,34,25,37,21,41,27,41,27,47,15,54,55,64,42,90,49,44,-16,-10,-28,-17,-16,-25,-24,0,0,-7,-43,0,-147,0,0,0,0,0,-39,0,0,0,0,19,6,20,24,38,38,37,35,31,30,62,58,41,54,84,106,374,348,348,344,748,743,720,692,833,833,833,10]} 1. b3 d6 2. Bb2 e5 3. e3 Nf6 4. c4 c6 {[#]} 5. Be2 $146 ({Predecessor:} 5. d4 Nbd7 6. Nf3 e4 7. Nfd2 d5 8. f3 exf3 9. Qxf3 Nb6 10. Bd3 Bg4 11. Qf2 {1-0 (39) Nakamura,H (2775)-Topalov,V (2793) Stavanger 2013}) 5... a5 6. d4 {A01: Nimzowitsch-Larsen Opening.} Nbd7 7. Nc3 Be7 8. Nf3 {White is slightly better.} O-O 9. O-O Re8 10. Qc2 Bf8 11. Rfd1 Qc7 12. Rac1 Qb8 13. a3 Nb6 14. b4 Bg4 15. d5 (15. dxe5 $14 dxe5 16. c5 Bxf3 17. Bxf3 (17. gxf3 axb4 18. axb4 Nbd5 $14)) 15... cxd5 16. Nxd5 Nbxd5 17. cxd5 axb4 18. axb4 Rc8 19. Qb3 Qa7 20. h3 Bd7 {aiming for ...Ba4.} 21. Ra1 (21. Rxc8 $11 {remains equal.} Rxc8 22. Ra1) 21... Qb6 ({Black should play} 21... Ba4 $17 22. Qd3 Qb8 23. Rxa4 Rxa4) 22. Nd2 $11 Bf5 {Hoping for ...Bc2.} 23. Nc4 Qd8 24. Bd3 Bxd3 25. Qxd3 Rxa1 26. Rxa1 Ra8 27. Rc1 Rc8 28. e4 $36 {[%mdl 2048] White is pushing.} Qd7 29. Nb6 Rxc1+ 30. Bxc1 Qc7 31. Be3 Nd7 32. Nc4 g6 33. Na5 Be7 34. Qb5 b6 $2 {[%mdl 8192] This move loses the game for Black.} (34... Nf6 $16) 35. Nc4 $18 Bd8 36. Qc6 Qxc6 $2 (36... b5) 37. dxc6 {White is clearly winning.} b5 38. cxd7 {Black must now prevent Bb6.} bxc4 39. b5 {Strongly threatening b6.} Kf8 {[#]} 40. b6 $2 {[%mdl 32768] Av CentiPawn Loss W=-39/B=-38. Weighted=-36/-41. Loss on time!?} (40. Bg5 $1 $18 {[%cal Rg5d8][%mdl 512]} Bb6 (40... Bxg5 41. b6) 41. d8=Q+ Bxd8 42. Bxd8) 1-0

[Event "GER-ch Youth U14 2020"]
[Site "Willingen"]
[Date "2020.10.23"]
[Round "5.1"]
[White "Bakiev, Diyor"]
[Black "Albert, Markus"]
[Result "*"]
[WhiteElo "2070"]
[BlackElo "1727"]
[Annotator "TA"]
[PlyCount "30"]
[EventDate "2020.10.20"]
[EventType "swiss"]
[EventRounds "7"]
[EventCountry "GER"]
[SourceTitle "playchess.com"]
[Source "ChessBase"]
[SourceQuality "1"]

{[%evp 9,30,15,31,9,11,15,26,-12,-5,-27,-17,-18,16,0,54,37,70,37,29,0,0,-25,0]} 1. d4 Nf6 2. Nf3 e6 3. c4 a6 4. Nc3 d5 5. Bf4 Bd6 6. Bxd6 {D37: Queen's Gambit Declined: 5 Bf4.} (6. Bg5 {looks sharper.} Be7 7. e3 O-O 8. cxd5 exd5 9. Bd3) 6... Qxd6 {[#]} 7. c5 $146 ({Predecessor:} 7. e3 dxc4 8. Bxc4 b5 9. Bd3 Bb7 10. O-O O-O 11. Qc2 Nc6 12. Qd2 Ne7 13. e4 {0-1 (30) Peixoto,J (1402)-Santos,R (1680) Luso 2018}) 7... Qe7 8. b4 {White has an edge.} Nc6 9. Qb3 O-O 10. e3 b6 11. Be2 Bb7 (11... Rb8 $11) 12. O-O $14 Rfd8 13. cxb6 cxb6 14. b5 ({White should play} 14. Na4) 14... Na5 $11 15. Qb2 axb5 {Av CentiPawn Loss W=-22/B=-14. Weighted=-24/-12} *

[Event "GER-ch Youth U14 2020"]
[Site "Willingen"]
[Date "2020.10.23"]
[Round "5.2"]
[White "Bui, Bao Anh Le"]
[Black "Costa, Leonardo"]
[Result "1/2-1/2"]
[WhiteElo "2149"]
[BlackElo "2165"]
[Annotator "TA"]
[PlyCount "57"]
[EventDate "2020.10.20"]
[EventType "swiss"]
[EventRounds "7"]
[EventCountry "GER"]
[SourceTitle "playchess.com"]
[Source "ChessBase"]
[SourceQuality "1"]

{[%evp 11,57,0,0,0,0,0,0,0,0,0,54,60,55,58,62,22,41,34,39,35,53,29,28,25,45,29,31,43,40,24,19,-26,-27,-25,7,7,7,9,19,0,20,5,10,0,20,17,50,55]} 1. e4 e5 2. Nf3 Nc6 3. Bc4 Bc5 4. c3 Nf6 5. d4 exd4 6. e5 d5 $1 {[%cal Rd5c4]} 7. Be2 {C54: Giuoco Piano: 4 c3 Nf6, main lines with 5 d4 and 5 d3.} Ne4 {[#] Strongly threatening ...d3!} 8. cxd4 Bb6 9. O-O {The position is equal.} O-O 10. Nc3 Nxc3 ({Black should try} 10... Be6 $11) 11. bxc3 $14 f6 12. exf6 Qxf6 13. Bg5 {[#]} Qd6 $146 ({Predecessor:} 13... Qf7 14. Qd2 h6 15. Bh4 Bf5 16. Rae1 Rae8 17. Bg3 Kh8 18. Bb5 Rxe1 19. Rxe1 a6 20. Bxc6 bxc6 {0-1 (44) Socko,M (2479)-Lagno,K (2541) Monaco 2017}) 14. Bh4 Bg4 15. Bg3 Qa3 16. Qb3 Qxb3 17. axb3 Rfe8 18. Ra2 Re7 19. h3 Bh5 20. Rfa1 Rae8 21. Ne5 Bxe2 22. Rxe2 a6 (22... Nxd4 $5 23. cxd4 Bxd4 $11 {[%mdl 64] Double Attack}) 23. Rd2 Nxe5 24. Bxe5 c6 25. f4 Kf7 26. Kf1 a5 27. Ke2 Bd8 (27... g5 $5) 28. Kd3 b6 29. g4 {Av CentiPawn Loss W=-7/B=-10. Weighted=-7/-10} 1/2-1/2

[Event "GER-ch Youth U14 2020"]
[Site "Willingen"]
[Date "2020.10.23"]
[Round "5.3"]
[White "Halabi, Ibrahim"]
[Black "Laux, Dominik"]
[Result "0-1"]
[WhiteElo "1895"]
[BlackElo "2009"]
[Annotator "TA"]
[PlyCount "50"]
[EventDate "2020.10.20"]
[EventType "swiss"]
[EventRounds "7"]
[EventCountry "GER"]
[SourceTitle "playchess.com"]
[Source "ChessBase"]
[SourceQuality "1"]

{[%evp 9,50,0,33,0,0,-20,-25,-14,-13,-28,-24,-31,-28,-21,-20,-11,-11,-52,-35,-93,-69,-77,-72,-150,-150,-242,-234,-224,-233,-271,-268,-352,-350,-345,-345,-329,-329,-510,-507,-493,-490,-725,-714]} 1. d4 d5 2. Bf4 Nf6 3. Nf3 c5 4. e3 Nc6 5. Nbd2 Bf5 6. c3 {D02: 1 d4 d5 2 Nf3 sidelines, including 2...Nf6 3 g3 and 2...Nf6 3 Bf4.} Qb6 7. Qb3 c4 8. Qxb6 {Black has an edge.} axb6 9. Be2 h6 10. Ne5 e6 11. g4 {[#]} Bc2 $146 ({Predecessor:} 11... Bh7 12. a3 b5 13. Bf3 g5 14. Bg3 Be7 15. h4 gxh4 16. Nxc6 hxg3 17. Nxe7 Kxe7 18. fxg3 {½-½ (32) Standke,W (2493)-Gudmundsson,E (2497) ICCF email 2018}) 12. h4 Nxe5 13. dxe5 Nd7 $1 14. Rc1 (14. e4 $15) 14... Bg6 15. a3 Nc5 16. O-O (16. h5 $142 Bh7 17. Ra1) 16... Na4 17. b3 (17. h5 $17 Bh7 18. e4) 17... cxb3 $19 ({And not} 17... Bxa3 18. bxa4 Bxc1 19. Rxc1 $11) 18. Bb5+ Kd8 {[#] ...b2 is the strong threat.} 19. Nxb3 Bxa3 20. Ra1 Nxc3 21. Nd4 {Threatening Rfc1!} Ke7 22. h5 Bh7 23. e4 (23. Kg2 $142) 23... Bc5 {Black is clearly winning.} 24. exd5 exd5 25. Nf5+ (25. Be3 $142) 25... Bxf5 $1 {White got outplayed after the opening. Av CentiPawn Loss W=-40/B=-3. Weighted=-42/-4} 0-1

[Event "GER-ch Youth U14 2020"]
[Site "Willingen"]
[Date "2020.10.23"]
[Round "5.4"]
[White "Ohler, Julius"]
[Black "Stork, Christopher"]
[Result "1/2-1/2"]
[WhiteElo "2011"]
[BlackElo "1869"]
[Annotator "TA"]
[PlyCount "41"]
[EventDate "2020.10.20"]
[EventType "swiss"]
[EventRounds "7"]
[EventCountry "GER"]
[SourceTitle "playchess.com"]
[Source "ChessBase"]
[SourceQuality "1"]

{[%evp 13,41,33,44,18,16,22,29,23,33,29,23,18,39,32,53,55,62,29,26,17,18,12,10,6,9,-10,24,19,29,7]} 1. Nf3 Nf6 2. g3 g6 3. Bg2 Bg7 4. O-O O-O 5. d4 d6 6. b3 Nbd7 7. Bb2 c5 {7...Re8 is becoming the main line.} 8. dxc5 {A49: 1 d4 Nf6 2 Nf3 g6 3 g3: Anti-King's Indian systems.} Nxc5 9. c4 a5 10. Nc3 Bd7 11. Nd4 {[#]} Qc8 $146 ({Predecessor:} 11... Qb6 12. Rb1 a4 13. Ba1 axb3 14. axb3 Ra6 15. b4 Na4 16. Ndb5 Nxc3 17. Nxc3 Rfa8 {½-½ (39) Sielecki,C (2431)-Kashlinskaya,A (2494) chess.com INT 2020}) 12. Qc2 Bh3 13. Rfd1 Bxg2 14. Kxg2 Ne6 15. e3 (15. f3 {keeps more tension.} Ng5 16. Kh1 Qh3 17. Ndb5 Rfc8 18. Na4) 15... Nxd4 16. exd4 d5 17. c5 Qc6 18. Na4 Nd7 19. Rac1 Rfc8 20. Qe2 e6 21. h3 {Av CentiPawn Loss W=-9/B=-7. Weighted=-12/-7} 1/2-1/2

[Event "GER-ch Youth U14 2020"]
[Site "Willingen"]
[Date "2020.10.23"]
[Round "5.5"]
[White "Eilenberg, Jonas"]
[Black "Spriestersbach, Kai"]
[Result "1-0"]
[WhiteElo "2242"]
[BlackElo "1863"]
[Annotator "TA"]
[PlyCount "113"]
[EventDate "2020.10.20"]
[EventType "swiss"]
[EventRounds "7"]
[EventCountry "GER"]
[SourceTitle "playchess.com"]
[Source "ChessBase"]
[SourceQuality "1"]

{[%evp 17,113,31,18,7,66,59,62,59,100,100,99,92,118,115,114,80,134,107,167,163,153,162,164,160,161,162,161,136,150,143,139,81,110,105,227,141,314,223,231,241,257,189,268,252,314,320,304,293,272,268,467,151,130,76,85,83,189,164,130,130,130,130,130,130,130,130,130,130,122,112,200,123,105,66,120,117,193,161,306,278,468,453,528,515,1824,1814,1537,1431,4631,4638,4638,4631,4631,4631,4631,4618,4132,2002]} 1. d4 Nf6 2. c4 e6 3. Nc3 Bb4 4. f3 c5 5. d5 b5 6. e4 bxc4 7. Bxc4 exd5 8. Bxd5 Nxd5 9. Qxd5 Nc6 10. Bg5 {E20: Nimzo-Indian: 4 g3 and 4 f3.} Qa5 (10... Qb6 $11) 11. Nge2 $14 Ba6 12. Kf2 {White is slightly better.} O-O 13. a3 $1 {[%cal Ra3b4]} Bxc3 14. Nxc3 {[#]} c4 $146 ({Predecessor:} 14... Qb6 15. Rab1 Rab8 16. Na4 Qb5 17. Nxc5 Qe2+ 18. Kg3 Bb5 19. Nxd7 Rfd8 20. Bxd8 Rxd8 {1-0 (31) Ziegenfuss,A (1635)-Ermitsch,M (2063) Playchess.com INT 2020}) 15. Qxa5 Nxa5 16. Be7 Rfe8 (16... Rfb8 $142) 17. Bb4 Nb3 (17... Nc6 $16) 18. Rad1 $18 Bb7 19. Nb5 a5 20. Bc3 $36 {[%mdl 2048] Keeping Black busy.} Rec8 21. Nd6 Rc7 22. Be5 f6 23. Bc3 Nc5 24. Ke3 (24. Rd4 $142) 24... a4 25. g4 Ba6 (25... Nd3 $16) 26. Rhg1 Ne6 $2 (26... Nd3 $16) 27. Nf5 h6 28. h4 $1 Kf7 29. Rd6 Bc8 (29... Bb7 $142 30. Bb4 Kg8) 30. f4 Ra6 31. g5 hxg5 32. hxg5 (32. fxg5 fxg5 33. hxg5 g6 $16) 32... fxg5 33. fxg5 {g6+ is the strong threat.} Rxd6 $2 (33... g6 34. Rd5 gxf5) 34. Nxd6+ $2 (34. g6+ $18 Kg8 35. Nxd6) 34... Kg6 $16 35. Nf5 (35. Rf1 $142) 35... Bb7 36. Ne7+ Kf7 (36... Kh5 $16) 37. Nd5 Rc5 38. g6+ Ke8 39. Bb4 Rb5 40. Rh1 {White threatens Rh8+ and mate.} d6 41. Rh5 {Black must now prevent Nf6+!} (41. Bxd6 $6 Bxd5 42. exd5 Rxd5 $14) 41... Bc6 42. Bc3 (42. Bxd6 $6 Rb3+ 43. Nc3 Rxb2 $11) 42... Kd7 43. Rf5 $1 {Strongly threatening Nb4.} Ke8 (43... Rb7 $16 44. Bb4 Rb5) 44. Bb4 Rb7 45. Rf2 (45. Rf1 {with more complications.} Nf8 46. Bxd6 Nxg6 47. Bb4 Ne5 48. Rf8+) 45... Rb5 ({Black should try} 45... Nc5 $1 $14) 46. Rd2 $1 ({Don't do} 46. Bxd6 Bxd5 47. exd5 Rxd5 $14) 46... Bxd5 (46... Bd7 $16 47. Nf4 (47. Bxd6 Rb3+ 48. Nc3 Kd8 $16) 47... Nxf4) 47. exd5 {[%mdl 4096] Endgame KRB-KRN} Nc7 {[#]} (47... Nf8 $142 48. Bxd6 Nxg6) 48. Ke4 $1 $18 ({Weaker is} 48. Bxd6 Nxd5+ 49. Kd4 Nb6 $16) 48... Ke7 $2 (48... Kd8 {was worth a try.} 49. Bc3 (49. Bxd6 Rb6 $18) 49... Ne8) 49. Bc3 {White is clearly winning.} Ne8 50. Rf2 Nf6+ (50... Kd8 $142 51. Rf7 Rb8) 51. Bxf6+ $1 gxf6 {KR-KR} 52. Re2 Kf8 {[#]} 53. Kf5 $1 {[%cal Rf5f6]} Rb3 54. Kxf6 {Threatening mate with g7+.} Rf3+ 55. Ke6 Kg7 56. Kxd6 Kxg6 57. Re4 {Av CentiPawn Loss W=-45/B=-60. Weighted=-50/-47} (57. Rc2 $142 Kf7 58. Kc7) 1-0

[Event "GER-ch Youth U14 2020"]
[Site "Willingen"]
[Date "2020.10.23"]
[Round "5.6"]
[White "Pikalow, Michael"]
[Black "Haack, Kevin"]
[Result "0-1"]
[WhiteElo "2021"]
[BlackElo "2209"]
[Annotator "TA"]
[PlyCount "62"]
[EventDate "2020.10.20"]
[EventType "swiss"]
[EventRounds "7"]
[EventCountry "GER"]
[SourceTitle "playchess.com"]
[Source "ChessBase"]
[SourceQuality "1"]

{[%evp 16,62,0,0,0,0,0,-14,0,0,0,0,0,0,0,0,0,0,0,-130,-118,-127,-143,-129,-145,-159,-164,-197,-197,-325,-295,-436,-422,-427,-229,-733,-731,-814,-814,-1045,-677,-634,-626,-623,-619,-585,-585,-517,-483]} 1. e4 c5 2. Nf3 d6 3. Nc3 Nf6 4. d4 cxd4 5. Nxd4 a6 6. Be3 e6 7. g4 e5 8. Nf5 g6 9. g5 gxf5 {B81: Sicilian Scheveningen: Keres Attack.} 10. exf5 (10. gxf6 f4 $15) 10... d5 11. Qf3 $1 Ne4 {The position is equal.} 12. Nxe4 dxe4 13. Qxe4 Nc6 14. Bc4 Qd7 15. g6 $1 {[%cal Rg6f7]} fxg6 16. fxg6 Qe7 {Strongly threatening ...Be6.} (16... Qf5 $5 17. Bf7+ $8 Ke7 18. Qh4+ Kd6 $14) 17. Rg1 ({Of course not} 17. Bf7+ Kd7 $17) (17. O-O-O $1 $11 {was the only way to keep the balance.} Be6 18. Bc5 $1 {[%mdl 512]} Qg5+ 19. Be3) 17... hxg6 $1 $17 {[%mdl 64] Discovered Attack} 18. Qxg6+ Kd7 {White must now prevent ...Qb4+.} 19. O-O-O+ Kc7 {[#]} 20. Rg3 $146 {And now Rf3 would win.} ({Predecessor:} 20. c3 Qh7 21. Qf6 Qh4 22. Qf7+ Qe7 23. Qd5 Bf5 24. Qf3 Be6 25. Bd3 Bh6 26. Be4 {0-1 (89) Narayanan,S (2310)-Huschenbeth,N (2465) Dubai 2011}) 20... Bd7 $1 21. Bg5 {[#]} Qh7 $1 {[%cal Rh7g6]} 22. Qf6 (22. Qxh7 {was necessary.} Rxh7 23. h4) 22... Be7 $19 23. Qf3 (23. Qf7 $142) 23... Bxg5+ (23... Nd4 {[#]} 24. Rxd4 $1 {[%mdl 512]} exd4 25. Bf4+ Kc8 26. Bd5 $17) 24. Rxg5 Rad8 (24... Qh4 $142 25. Rxd7+ Kxd7 26. Qd3+ Nd4 27. Rg7+ Kc8) 25. Kb1 $2 (25. Qe3) 25... Qh4 {[%mdl 64] Double Attack. Black is clearly winning.} 26. Rg7 Qxc4 27. Qf6 Qc5 28. Rdxd7+ Rxd7 29. Rxd7+ Kxd7 30. Qxh8 Qxf2 {[%cal Rf2g1]} 31. Qg7+ Kc8 {Av CentiPawn Loss W=-59/B=-26. Weighted=-93/-35} 0-1

[Event "GER-ch Youth U14 2020"]
[Site "Willingen"]
[Date "2020.10.23"]
[Round "5.7"]
[White "Hagner, Bennet"]
[Black "Hecht, Jonas Christian"]
[Result "1-0"]
[WhiteElo "2080"]
[BlackElo "1764"]
[Annotator "TA"]
[PlyCount "81"]
[EventDate "2020.10.20"]
[EventType "swiss"]
[EventRounds "7"]
[EventCountry "GER"]
[SourceTitle "playchess.com"]
[Source "ChessBase"]
[SourceQuality "1"]

{[%evp 28,81,30,31,32,24,25,20,50,47,58,18,17,26,76,76,76,72,76,76,76,76,86,81,93,76,76,76,80,72,101,99,131,57,58,39,48,0,48,41,63,62,104,72,132,152,138,121,104,139,427,448,417,413,426,420]} 1. e4 e5 2. Nf3 Nc6 3. Bb5 a6 4. Ba4 Nf6 5. O-O Be7 6. Re1 b5 7. Bb3 d6 8. c3 O-O 9. h3 Nb8 10. d4 Nbd7 11. Nbd2 {[%cal Bb1d2,Bd2f1,Bf1g3][%mdl 32]} Bb7 12. Bc2 Re8 13. Nf1 Bf8 14. Ng3 g6 15. a4 Nb6 {C95: Closed Ruy Lopez: Breyer Variation with 10 d4.} 16. a5 Nbd7 $1 17. b3 Bg7 {The position is equal.} 18. d5 {[#]} Bf8 $146 ({Predecessor:} 18... Rc8 19. c4 c6 20. dxc6 Rxc6 21. cxb5 axb5 22. b4 Qa8 23. Bb3 d5 24. exd5 Rd6 {1-0 (42) Clarke,B (2429)-Oparin,G (2652) chess.com INT 2020}) 19. Nh2 c6 {[%cal Rc6d5]} 20. c4 cxd5 21. cxd5 Qc7 22. Bd2 Rac8 23. Rc1 Qc5 24. b4 Qc7 25. Bd3 Qb8 26. Qf3 Rxc1 27. Rxc1 Rc8 28. Rd1 Bg7 29. Ng4 h5 30. Nxf6+ (30. Nh6+ $16 Kf8 31. Ne2) 30... Nxf6 $14 31. Bg5 Nh7 32. Bd2 Rc7 33. Ne2 Qd8 34. Qe3 Qd7 35. Qb6 f5 (35... Bf6 $142) 36. exf5 $16 Nf6 37. Bb1 $36 {[%mdl 2048] White is in control.} (37. fxg6 $2 Nxd5 38. Qa7 Bc6 $17) 37... Nxd5 38. Ba2 {Threatens to win with Nc3.} Kf8 $2 {[%mdl 8192]} (38... Kh7 $16 {was worth a try.} 39. Bxd5 Bxd5) 39. Bxd5 $1 $18 Bxd5 40. f6 {[%mdl 64] [#] Deflection} Bxf6 41. Bh6+ {[%mdl 64] Discovered Attack. Av CentiPawn Loss W=-8/B=-23. Weighted=-10/-26} 1-0

[Event "GER-ch Youth U14 2020"]
[Site "Willingen"]
[Date "2020.10.23"]
[Round "5.8"]
[White "Foerster-Yialamas, Lucas"]
[Black "Huo, Da"]
[Result "0-1"]
[WhiteElo "2033"]
[BlackElo "1868"]
[Annotator "TA"]
[PlyCount "100"]
[EventDate "2020.10.20"]
[EventType "swiss"]
[EventRounds "7"]
[EventCountry "GER"]
[SourceTitle "playchess.com"]
[Source "ChessBase"]
[SourceQuality "1"]

{[%evp 18,100,48,23,21,16,21,0,0,-23,-14,-55,-62,-60,0,0,0,2,19,12,21,8,120,48,35,0,35,-69,0,0,0,0,0,-53,-46,-102,-104,-100,-103,-104,-40,-40,-33,-40,-40,-40,-40,-40,-40,-40,-40,-135,-35,-40,-27,-323,-94,-368,-139,-308,-286,-969,-946,-29996,-29997,-29997,-29998,-29999,-29987,-29987,-29986,-29986,-29987,-29993,-29994,-29994,-29995,-29995,-29994,-29994,-29995,-29995,-29996,-29997,-29998]} 1. e4 c5 2. Nf3 d6 3. d4 cxd4 4. Nxd4 Nf6 5. Nc3 Nc6 6. Bg5 e6 7. Qd2 a6 8. O-O-O Bd7 9. f3 Be7 10. h4 {10.h4 is better than 10.Be3.} h6 {B67: Sicilian: Richter-Rauzer: 7...a6 8 0-0-0 Bd7, lines without 9 f4 Be7.} 11. Be3 h5 12. Kb1 Ne5 {The position is equal.} 13. Qf2 b5 {[#]} 14. a3 $146 ({Predecessor:} 14. Qg3 b4 15. Nce2 a5 16. Qxg7 Rg8 17. Qh6 Bf8 18. Qf4 Nc4 19. Bg1 e5 20. Qc1 {1-0 (75) Shirov,A (2637)-Kulaots,K (2555) Viljandi 2018}) 14... Rb8 15. Qg3 Kf8 (15... O-O $1 $15) 16. f4 Neg4 17. e5 $36 {[%mdl 2048] White is pushing.} Ne8 $1 18. Be2 Nxe3 19. Qxe3 g6 {[#]} (19... Qb6 $1 $11 {keeps the balance.}) 20. Ne4 (20. g4 $1 $16) 20... d5 $14 21. Ng5 Ng7 22. Bd3 (22. b4 $14) 22... Nf5 (22... b4 $15 23. axb4 (23. Bxa6 bxa3 24. b3 Qb6 $17) 23... Bxb4) 23. Bxf5 $11 gxf5 24. Rd2 a5 25. Rhd1 (25. c3 $11) 25... Qb6 $15 26. Rd3 (26. Rc1 $1 $15) 26... b4 27. axb4 axb4 28. Nb3 Qxe3 (28... Qc7 $17) 29. Rxe3 Rc8 30. Nd4 Bc5 31. b3 Ke7 32. Red3 Bb6 33. Kb2 Rc7 34. c3 (34. Ra1 $15) 34... Bxd4 ({Better is} 34... bxc3+ $17 35. Rxc3 Ra7) 35. cxd4 Rhc8 {And now ...Rc2+ would win.} 36. R1d2 $2 {[%mdl 8192] White is now going downhill.} (36. R3d2 $1 $11 {and White has nothing to worry.}) 36... Bb5 $2 (36... Ra8 $19 {is more deadly.} 37. Rd1 Rca7) 37. Rg3 $2 {[%mdl 8192]} (37. Re3 $17) 37... Rc3 $2 (37... Ra8 $19 {has better winning chances.} 38. Rc2 {[#]} Ra2+ $1 {[%mdl 576] Deflection} 39. Kxa2 Rxc2+ 40. Kb1 Rf2) 38. Nf3 $2 (38. Rf3 $17) 38... Bd3 $19 {White must now prevent ...Be4.} 39. Ng1 $2 (39. Ne1 Bb1 40. Rh3) 39... Be4 {( -> ...Rc1)} 40. Rh3 Rc1 {Black mates.} 41. Rhd3 Bxd3 42. Rxd3 Rxg1 43. Rd2 Rcc1 44. Rd3 Rcd1 45. Rc3 bxc3+ 46. Kxc3 Rxg2 47. Kb4 Rxd4+ 48. Kc5 Rxf4 49. b4 Rc2+ 50. Kb6 Rxb4+ {Av CentiPawn Loss W=-86/B=-27. Weighted=-114/-31} 0-1